00687nam a22002057a 4500003001100000005001700011008004100028020001500069040003900084041000800123082001300131100002400144245007400168260004700242300002800289650005400317942000700371952008800378999001500466LK-CoMWRAF20231017135250.0231017b |||||||| |||| 00| 0 eng d a9559072021 aLK-CoMWRAFdLK-CoMWRAFeLK-CoMWRAF aeng a420bSAM aSamaranayake, W. H. aEnglish with a smile :bBook three for grades 8, 9 and G. C. E. (O/L) aColombo :bSamaranayake publishers, c1957 a[ix], 216p.,xiii, ;21cm aPractical English--Grade 8, 9, and G. C. E. (O/L) cBK 00104070aMAINbMAINd2023-10-17l0o420 SAMpRAF2285r2023-10-17w2023-10-17yBK c3913d3913